| 000 | 01156cam a2200325 i 4500 | ||
|---|---|---|---|
| 001 | 3865666 | ||
| 003 | EG-ScBUE | ||
| 005 | 20240625094650.0 | ||
| 008 | 881208t1988 ua f 001 0 eng d | ||
| 020 | _a9774241843 | ||
| 040 |
_aNCH _beng _erda _cDLC _dDLC _dEG-ScBUE |
||
| 043 | _af-ua--- | ||
| 082 | 0 | 4 |
_222 _a962.055 _bEGY |
| 110 | 2 |
_aNetwork of Egyptian Professional Women. _eauthor. |
|
| 245 | 1 | 0 |
_aEgyptian women in social development : _ba resource guide / _cThe Network of Egyptian Professional Women. |
| 264 | 1 |
_aCairo : _bThe American University in Cairo Press, _c[1988] |
|
| 264 | 4 | _cc1988 | |
| 300 |
_axv, 346 pages ; _c23 cm |
||
| 336 |
_2rdacontent _atext _btxt |
||
| 337 |
_aunmediated _2rdamedia _bn |
||
| 338 |
_avolume _bnc _2rdacarrier |
||
| 500 | _aIncludes index. | ||
| 650 | 7 |
_aWomen in community development _zEgypt _xDirectories. _2BUEsh |
|
| 650 | 7 |
_aWomen volunteers in social service _zEgypt _xDirectories. _2BUEsh |
|
| 650 | 7 |
_aWomen social scientists _zEgypt _xDirectories. _2BUEsh |
|
| 650 | 7 |
_aWomen in the professions _zEgypt _xDirectories. _2BUEsh |
|
| 653 |
_bGGEN _cMarch2018 |
||
| 655 | _vReading book | ||
| 942 |
_2ddc _cBB |
||
| 999 |
_c26358 _d26330 |
||